000 00580nam a22001817a 4500
003 CEME
005 20210628202543.0
008 210209b xxu||||| |||| 00| 0 eng d
020 _a1-58053-264-0
040 _c.
082 _a621.3845 HU
100 _aHuber, Josef Franz Huber, Alexander Joseph
_960466
245 _aUmts and mobile computing
260 _aLONDON
_bARTECH HOUSE
_c2002
300 _aXVII,438P
650 _aGLOBAL SYSTEM FOR MOBILE COMMUNICATIONS; WIRELESS COMMUNICATIONS SYSTEMS; MOBILE COMMUNICATION SYSTEMS; MOBILE COMPUTING
_960467
942 _cBK
_2ddc
999 _c570175
_d570175